=LDR 00000nam 2200000 4500 =001 INLIS000000000040342 =005 20130612145917 =008 ***********************************Ind** =035 ##$$a0010-061300000040342 =041 ##$$a Ind =082 ##$$a 813 =090 ##$$a 813, Bar s =100 ##$$a Barton, Beverly =245 ##$$a Silent killer/Bevely Barton; Penyunting, Uki Dimas Gemawan =260 ##$$a 2011 $b Jakarta =300 ##$$a 481 hlm., 19 cm =650 ##$$a Fiksi Dewasa =700 ##$$a Gemawan, Uki Dimas =850 ##$$a NBPNMAT =990 ##$$a 0001/BPAP-NTB/20142014